Municipalities of Rusk County, Wisconsin - Statistics

General Stats
  • This quiz has been taken 13 times
  • The average score is 14 of 33
Answers on the Map
Answers color-coded by a green-red scale on the quiz's map according to % correct below.
 
Answer Stats
Answer % Correct
City of Ladysmith
100%
Village of Bruce
100%
Town of Hawkins
67%
Town of Richland
67%
Town of Rusk
67%
Town of Washington
67%
Town of Wilkinson
67%
Village of Conrath
67%
Village of Glen Flora
67%
Village of Hawkins
67%
Village of Tony
67%
Village of Weyerhaeuser
67%
Town of Big Bend
33%
Town of Cedar Rapids
33%
Town of Dewey
33%
Town of Flambeau
33%
Town of Grant
33%
Town of Grow
33%
Town of Hubbard
33%
Town of Lawrence
33%
Town of South Fork
33%
Town of Stubbs
33%
Town of Thornapple
33%
Town of True
33%
Town of Wilson
33%
Village of Ingram
33%
Village of Sheldon
33%
Town of Atlanta
0%
Town of Big Falls
0%
Town of Marshall
0%
Town of Murry
0%
Town of Strickland
0%
Town of Willard
0%
No matching quizzes found
Score Distribution
Percent of People with Each Score
Percentile by Number Answered
Your Score History
You have not taken this quiz